Statistics for Young Thug Discography

Click here to take the quiz!

General Stats

  • This quiz has been taken 149 times
    (71 since last reset)
  • The average score is 14 of 26

Answer Stats

YearNameType% Correct
2015Barter 6Mixtape
90%
2016JefferyMixtape
88%
2021PunkAlbum
88%
2015Slime SeasonMixtape
88%
2016Slime Season 3Mixtape
88%
2019So Much FunAlbum
86%
2015Slime Season 2Mixtape
84%
2018Slime LanguageCompilation
80%
2021Slime Language 2Compilation
73%
2017Beautiful Thugger GirlsMixtape
69%
2017Super SlimeyCollaborative Mixtape
61%
2020Slime & BCollaborative Mixtape
57%
2016I'm UpMixtape
55%
2011I Came from NothingMixtape
53%
20131017 ThugMixtape
49%
2011I Came from Nothing 2Mixtape
49%
2018On the RvnEP
49%
2012I Came from Nothing 3Mixtape
45%
2014World War 3D: The Purple AlbumCollaborative Mixtape
41%
20141017 Thug 2Mixtape
31%
2014Young Thugga Mane La FlareCollaborative Mixtape
31%
2018Hear No EvilEP
24%
2017Young MarthaCollaborative EP
24%
20141017 Thug 3: The FinaleMixtape
18%
2014Black PortlandCollaborative Mixtape
16%
2014Tha Tour, Pt. 1Collaborative Mixtape
12%

Score Distribution

Percentile by Number Answered

Percent of People with Each Score

Your Score History

You have not taken this quiz since the last reset